[Event "Penang op-B 9th"]
[Site "Penang"]
[Date "2017.12.05"]
[Round "3"]
[White "Kumar, Aditya Ram"]
[Black "Wong, Zhenyong Jayden"]
[Result "0-1"]
[WhiteElo "1148"]
[BlackElo "1688"]
[PlyCount "48"]
[EventDate "2017.12.04"]
[EventType "swiss"]
[EventRounds "9"]
[EventCountry "MAS"]
[SourceTitle "CBM 182 Extra"]
[Source "ChessBase"]
[SourceDate "2018.02.23"]
[SourceVersion "1"]
[SourceVersionDate "2018.02.23"]
[SourceQuality "1"]

1. e4 c5 2. c3 Nf6 3. e5 Nd5 4. d4 cxd4 5. cxd4 e6 6. Nc3 Nxc3 7. bxc3 d6 8. Nf3 dxe5 9. Nxe5 Nd7 10. Bb5 Bd6 11. Nxd7 Bxd7 12. Bxd7+ Qxd7 13. 0-0 0-0 14. Be3 Rac8 15. Qb3 b6 16. Rfc1 Rc6 17. c4 Rfc8 18. Rc2 Qc7 19. Rac1 Bxh2+ 20. Kh1 Bf4 21. Bxf4 Qxf4 22. d5 exd5 23. cxd5 Rh6+ 24. Kg1 Qxc1+ 0-1